00759nam a2200181Ia 4500008004100000020001500041041001200056082001600068100001700084245006300101260003500164300000800199650001400207942000700221999001500228952016100243952017300404221030s9999 xx 000 0 und d a8121918049 aEnglish a105.23bTha aD. N. Thakur 0aFundamental Concept in Physical Chemistrycby D. N. Thakur bS. Chand & CoaNew Delhic2001 a777 aChemistry cBK c7067d7067 pBE 3120g260.00l0o105.23 Thar2024-06-13 00:00:00w2022-10-30yBK003Print4071aMIETLIBbMIETLIBcBL-Second, FL-1, CUP-59, SH-3, R-3d2001-03-1710HBE pBE 3121g260.00l0o105.23 Thar2024-06-13 00:00:00w2022-10-30yBK003Print4070aMIETLIBbMIETLIBcBL-Academic Block - C, FL-2, CUP-18, SH-2, R-2d2001-03-1710HBE